| 000 | 00986nam a22002297a 4500 | ||
|---|---|---|---|
| 001 | 1192 | ||
| 003 | BD-RjUL | ||
| 005 | 20211208233306.0 | ||
| 008 | 131125s1957 -un|||||||||| 001 0 eng d | ||
| 035 | _a(BD-RjUL)1214 | ||
| 040 |
_aBD-RjUL _beng _cBD-RjUL _dBD-RjUL |
||
| 041 | _aeng | ||
| 082 | 0 | 4 |
_216 _a028.7 _bGUI 1957 |
| 245 | 1 |
_aGuide to unpublished research materials : _bLectures delivered at a vacation course of the University of London School of Librarianship and Archives in April 1956 / _cEdited by Ronald Staveley. |
|
| 260 |
_aLondon : _bThe Library Association, _c1957. |
||
| 300 |
_avii, 141 p. ; _c22 cm. |
||
| 504 | _aincludes index. | ||
| 650 | 0 | 7 |
_2SLSH _aDocumentation. _91454 |
| 700 | 1 |
_aStaveley, Ronald _91151 |
|
| 856 | 4 | 2 |
_3WorldCat _uworldcat.org/title/guide-to-unpublished-research-materials-lectures-delivered-at-a-vacation-course-of-the-university-of-london-school-of-librarianship-and-archives-in-april-1956/oclc/1723953&referer=brief_results |
| 942 |
_2ddc _cBK |
||
| 999 |
_c1192 _d1192 |
||